| 000 | 00484pab a2200193 454500 | ||
|---|---|---|---|
| 008 | 180718b2011 xxu||||| |||| 00| 0 eng d | ||
| 100 | _aMarceau, Nicolas | ||
| 245 | _aCompetition in law enforcement and capital allocation | ||
| 260 | _c2011 | ||
| 300 | _ap.136-147. | ||
| 362 | _aJan | ||
| 650 | _aOccupational choice | ||
| 650 | _aCrime | ||
| 650 | _aLaw enforcement | ||
| 700 | _aMongrain, Steeve | ||
| 773 | _aJournal of Urban Economics | ||
| 908 | _aN | ||
| 909 | _a94627 | ||
| 999 |
_c94627 _d94627 |
||